<?xml version="1.0" encoding="UTF-8"?>
<record
    xmlns:xsi="http://www.w3.org/2001/XMLSchema-instance"
    xsi:schemaLocation="http://www.loc.gov/MARC21/slim http://www.loc.gov/standards/marcxml/schema/MARC21slim.xsd"
    xmlns="http://www.loc.gov/MARC21/slim">

  <leader>02047njm a2200385Ia 4500</leader>
  <controlfield tag="001">20373</controlfield>
  <controlfield tag="003">IT-RoPAU</controlfield>
  <controlfield tag="005">20220918181120.0</controlfield>
  <controlfield tag="008">131025s9999    xx            000 0 und d</controlfield>
  <datafield tag="040" ind1=" " ind2=" ">
    <subfield code="a">IT-RoPAU</subfield>
  </datafield>
  <datafield tag="040" ind1=" " ind2=" ">
    <subfield code="c">IT-RoPAU</subfield>
  </datafield>
  <datafield tag="041" ind1=" " ind2=" ">
    <subfield code="a">SPAGNOLO</subfield>
  </datafield>
  <datafield tag="999" ind1=" " ind2=" ">
    <subfield code="c">99695</subfield>
    <subfield code="d">99695</subfield>
  </datafield>
  <datafield tag="999" ind1=" " ind2=" ">
    <subfield code="b">n.d.</subfield>
  </datafield>
  <datafield tag="100" ind1=" " ind2=" ">
    <subfield code="a">AA.VV.</subfield>
    <subfield code="9">794</subfield>
  </datafield>
  <datafield tag="100" ind1=" " ind2=" ">
    <subfield code="e">Autore musica</subfield>
    <subfield code="9">1477</subfield>
  </datafield>
  <datafield tag="100" ind1=" " ind2=" ">
    <subfield code="g">Codice autore musica SPICS: 12000</subfield>
    <subfield code="9">796</subfield>
  </datafield>
  <datafield tag="245" ind1=" " ind2=" ">
    <subfield code="a">Ahora basta patron! (Lp Zf 1415)</subfield>
  </datafield>
  <datafield tag="250" ind1=" " ind2=" ">
    <subfield code="a">1a ed.</subfield>
  </datafield>
  <datafield tag="260" ind1=" " ind2=" ">
    <subfield code="a">ROMA</subfield>
  </datafield>
  <datafield tag="260" ind1=" " ind2=" ">
    <subfield code="b">PUNTO E VIRGOLA</subfield>
    <subfield code="c">1976 [1a Ed.:1976 - Ed. Lingua Orig.: 1976]</subfield>
  </datafield>
  <datafield tag="300" ind1=" " ind2=" ">
    <subfield code="a">DISCO</subfield>
  </datafield>
  <datafield tag="300" ind1=" " ind2=" ">
    <subfield code="c">33 minuti (Testo:  pag.)</subfield>
  </datafield>
  <datafield tag="500" ind1=" " ind2=" ">
    <subfield code="a">Canti popolari. Canti di liberazione per l'America Latina. Canti di protesta. Battersi per la propria libert&#xE0; e i propri diritti</subfield>
  </datafield>
  <datafield tag="505" ind1=" " ind2=" ">
    <subfield code="a">Cancion para mi America (4:00) - Vea patron (5:00) - Las preguntitas (4:00) - Basta ya (4:00) - Tonadas de Manuel Rodriguez (5:00) - Cruz de luz [(Camillo Torres) (4:00)] - Cancion del guerillero heroico (3:00) - Hasta siempre [(Comandante Che Guevara) (5:00)]</subfield>
  </datafield>
  <datafield tag="511" ind1=" " ind2=" ">
    <subfield code="a">Cabrera Raul: chitarra e percussione - Romero Pablo: chitarra charango triple quena e percussione</subfield>
  </datafield>
  <datafield tag="650" ind1=" " ind2=" ">
    <subfield code="a">FOLK [DISCHI]</subfield>
    <subfield code="e">Codice MATERIA SPICS: 9950</subfield>
    <subfield code="9">1209</subfield>
  </datafield>
  <datafield tag="700" ind1=" " ind2=" ">
    <subfield code="a">Cabrera Raul</subfield>
    <subfield code="g">Codice Autore SPICS: 10806</subfield>
    <subfield code="e">Autore</subfield>
    <subfield code="9">1478</subfield>
  </datafield>
  <datafield tag="700" ind1=" " ind2=" ">
    <subfield code="a">Viglietti D.</subfield>
    <subfield code="g">Codice autore musica SPICS: 24190</subfield>
    <subfield code="e">Autore musica</subfield>
    <subfield code="p">Cancion para mi America - Cruz de Luz (Camillo Torres) - Cancion del guerillero heroico</subfield>
    <subfield code="9">1479</subfield>
  </datafield>
  <datafield tag="700" ind1=" " ind2=" ">
    <subfield code="a">Sampayo A.</subfield>
    <subfield code="g">Codice autore musica SPICS: 24192</subfield>
    <subfield code="e">Autore musica</subfield>
    <subfield code="p">Vea patron</subfield>
    <subfield code="9">1480</subfield>
  </datafield>
  <datafield tag="700" ind1=" " ind2=" ">
    <subfield code="a">Yupanqui A.</subfield>
    <subfield code="g">Codice autore musica SPICS: 24193</subfield>
    <subfield code="e">Autore musica</subfield>
    <subfield code="p">Las preguntitas - Basta ya</subfield>
    <subfield code="9">1481</subfield>
  </datafield>
  <datafield tag="700" ind1=" " ind2=" ">
    <subfield code="a">Neruda Pablo</subfield>
    <subfield code="g">Codice autore SPICS: 22933</subfield>
    <subfield code="e">Autore</subfield>
    <subfield code="p">Tonadas de Manuel Rodriguez</subfield>
    <subfield code="9">1482</subfield>
  </datafield>
  <datafield tag="700" ind1=" " ind2=" ">
    <subfield code="a">Bianchi V.</subfield>
    <subfield code="g">Codice autore testo/musica SPICS: 24189</subfield>
    <subfield code="e">Autore testo/musica</subfield>
    <subfield code="p">Tonadas de Manuel Rodriguez</subfield>
    <subfield code="9">1483</subfield>
  </datafield>
  <datafield tag="700" ind1=" " ind2=" ">
    <subfield code="a">Puebla C.</subfield>
    <subfield code="g">Codice autore musica SPICS: 24191</subfield>
    <subfield code="e">Autore musica</subfield>
    <subfield code="p">Hasta siempre (Comandante Che Guevara)</subfield>
    <subfield code="9">1484</subfield>
  </datafield>
  <datafield tag="942" ind1=" " ind2=" ">
    <subfield code="c">MD</subfield>
    <subfield code="2">ddc</subfield>
  </datafield>
  <datafield tag="952" ind1=" " ind2=" ">
    <subfield code="0">0</subfield>
    <subfield code="1">0</subfield>
    <subfield code="4">0</subfield>
    <subfield code="6">20373_000000000000000</subfield>
    <subfield code="7">1</subfield>
    <subfield code="a">SPICS</subfield>
    <subfield code="b">SPICS</subfield>
    <subfield code="d">2013-10-25</subfield>
    <subfield code="l">0</subfield>
    <subfield code="o">20373</subfield>
    <subfield code="r">2013-10-25 00:00:00</subfield>
    <subfield code="w">2013-10-25</subfield>
    <subfield code="y">MD</subfield>
    <subfield code="z">Progr. Ins.: 3684 / N.Vol.: 1 / Copie: 1 - Copia rara: n.d. / date import: 01.01.2014 - By Epidotti, Trombetti, Vaglietti</subfield>
  </datafield>
</record>
